书目信息 |
| 题名: |
建筑艺术
|
|
| 作者: | 郑先友 著 ;刘守安 主编 | |
| 分册: | ||
| 出版信息: | 合肥 安徽美术出版社 2003 |
|
| 页数: | 146页 | |
| 开本: | 21cm | |
| 丛书名: | 大学生艺术素质拓展丛书 | |
| 单 册: | ||
| 中图分类: | TU-091 | |
| 科图分类: | ||
| 主题词: | 建筑艺术--鉴赏--世界--青年读物 , 建筑艺术 | |
| 电子资源: | ||
| ISBN: | 7-5398-1106-4 | |
| 000 | 00922nam2 2200289 45 | |
| 001 | 012003000000 | |
| 005 | 20041012151930.79 | |
| 010 | @a7-5398-1106-4@dCNY 12.50 | |
| 100 | @a20031103d2003 em y0chiy0121 ea | |
| 101 | 0 | @achi |
| 102 | @aCN@b340000 | |
| 105 | @aaf z 000yy | |
| 200 | 1 | @a建筑艺术@Ajian zhu yi shu@e理性与浪漫的交响@f郑先友著 |
| 210 | @a合肥@c安徽美术出版社@d2003 | |
| 215 | @a146页@c图, 照片@d21cm | |
| 225 | 2 | @a大学生艺术素质拓展丛书@f刘守安主编 |
| 320 | @a本书末含参考文献(第125-127页) | |
| 330 | @a本书内容包括: 金色的曙光, 众神之所, 帝国气象, 天国的梦幻, 东方神韵等。 | |
| 410 | 0 | @12001 @a大学生艺术素质拓展丛书 |
| 517 | 1 | @a理性与浪漫的交响 |
| 606 | 0 | @a建筑艺术@x鉴赏@y世界@j青年读物 |
| 606 | 0 | @a建筑艺术 |
| 690 | @aTU-091@v4 | |
| 701 | 0 | @a郑先友@Azheng xian you@4著 |
| 702 | 0 | @a刘守安@Aliu shou an@4主编 |
| 801 | 0 | @aCN@bQSSKw1@c20041012 |
| 905 | @a10447@dTU-091@eZ450 | |
| 建筑艺术:理性与浪漫的交响/郑先友著.-合肥:安徽美术出版社,2003 |
| 146页:图, 照片;21cm.-(大学生艺术素质拓展丛书/刘守安主编) |
| ISBN 7-5398-1106-4:CNY 12.50 |
| 本书内容包括: 金色的曙光, 众神之所, 帝国气象, 天国的梦幻, 东方神韵等。 |
| ● |
| 相关链接 |
|
|
|
正题名:建筑艺术
索取号:TU-091/Z450
 
预约/预借
| 序号 | 登录号 | 条形码 | 馆藏地/架位号 | 状态 | 备注 |
| 1 | 399604 | 203996042 | 建筑库101/101建筑库 4排4列1层/ [索取号:TU-091/Z450] | 在馆 | |
| 2 | 399605 | 203996051 | 建筑库101/101建筑库 4排4列1层/ [索取号:TU-091/Z450] | 在馆 | |
| 3 | 399606 | 203996060 | 建筑库101/101建筑库 4排4列1层/ [索取号:TU-091/Z450] | 在馆 |